000 01196cam a2200289 a 4500
001 564733
003 ARRUPE
005 20211020093407.0
008 890928s1990 nyua b 001 0 eng
010 _a 89028298
020 _a0195061136 (alk. paper) :
_c$24.95
040 _aDLC
_cDLC
_dDLC
050 0 0 _aHC79.T4
_bM648 1990
082 0 0 _a338/.064
_220
100 1 _aMokyr, Joel.
_950584
245 1 4 _aThe lever of riches :
_btechnological creativity and economic progress /
_cJoel Mokyr.
260 _aNew York :
_bOxford University Press,
_c1990.
300 _aix, 349 p. :
_bill. ;
_c25 cm.
504 _aIncludes bibliographical references (p. [305]-328) and index.
650 0 _aTechnological innovations
_xEconomic aspects
_xHistory.
_950585
650 0 _aEconomic development
_xHistory.
_918269
856 4 2 _3Publisher description
_uhttp://www.loc.gov/catdir/enhancements/fy0635/89028298-d.html
856 4 2 _3Contributor biographical information
_uhttp://www.loc.gov/catdir/enhancements/fy0723/89028298-b.html
906 _a7
_bcbc
_corignew
_d1
_eocip
_f19
_gy-gencatlg
942 _2lcc
_cMONOGRAPH
999 _c130939
_d130939